000 00789nam a2200217Ia 4500
001 16024
003 GE_BSU
008 181216s||||||||xx |||||||||||||| ||und||
040 _cGE_BSU
080 _a821.353.1-32
100 _aჯავახიშვილი, მ. (მიხეილ, 1880-1937)
245 _aდამდნარი ჯაჭვი
245 _bმოთხრობები
245 _cრედ.-შემდგ.: რამაზ შიშნიაშვილი.მხ.გ.ღლონტი
260 _aთბილისი
260 _bმერანი
260 _c1990
300 _a112 გვ. ; 20 სმ
653 _aდამდნარი ჯაჭვი; დამპატიჟე; მიწის ყივილი
942 _cBK
999 _c49115
_d49115